Shakespeare & love sonnets /

Bibliographic Details
Main Author: Shakespeare, William, 1564-1616
Other Authors: Duane, O. B.
Format: Book
Language:English
Published: London : Brockhampton Press, [1996]
Series:Illustrated poetry anthology.
Subjects:

MARC

Tag First Indicator Second Indicator Subfields
LEADER 00000cam a2200000 a 4500
001 in00001403859
005 20151020053205.0
008 970515s1996 enka 000 0 eng d
020 |a 1860192963 
035 |a (OCoLC)36913261 
035 |9 AHM7337AM 
040 |a IMF  |c IMF  |d SUF  |d MLX  |d UtOrBLW 
049 |a TXAM 
090 |a PR2848.A2  |b D85 1996 
092 0 |a 822.33  |b Sh1saL  |2 20 
100 1 |a Shakespeare, William,  |d 1564-1616. 
240 1 0 |a Sonnets 
245 1 0 |a Shakespeare & love sonnets /  |c written and compiled by O.B. Duane. 
246 3 3 |a Shakespeare and love sonnets 
264 1 |a London :  |b Brockhampton Press,  |c [1996] 
264 4 |c ©1996 
300 |a 96 pages :  |b color illustrations ;  |c 24 cm. 
336 |a text  |b txt  |2 rdacontent 
337 |a unmediated  |b n  |2 rdamedia 
338 |a volume  |b nc  |2 rdacarrier 
490 1 |a Illustrated poetry anthology 
505 0 |a William Shakespeare -- Sir Thomas Wyatt -- Sir Edmund Spenser -- Sir Walter Raleigh -- Sir Philip Sidney -- Samuel Daniel -- John Donne -- John Milton. 
650 0 |a Sonnets, English. 
700 1 |a Duane, O. B. 
830 0 |a Illustrated poetry anthology. 
948 |a c:en 
999 |a MARS 
999 f f |s 66701816-ec3a-3d66-997b-d67a1dbc85f5  |i c3daa8b3-85c3-333b-9d65-43498a7dc0ef  |t 0 
952 f f |p normal  |a Texas A&M University  |b College Station  |c Sterling C. Evans Library  |s Evans stk  |d Evans: Library Stacks  |t 0  |e PR2848.A2 D85 1996  |h Library of Congress classification  |i unmediated -- volume  |m A14823358225 
998 f f |a PR2848.A2 D85 1996  |t 0  |l Evans: Library Stacks